| 000 | 00644cab a22001935a 4500 | ||
|---|---|---|---|
| 001 | L150854 | ||
| 008 | 100908e20100814xxk 000 0 eng d | ||
| 035 | _a(Sirsi) u150854 | ||
| 041 | 0 | _aeng | |
| 100 | 1 | _aReynolds, Kirk | |
| 245 | 0 | 4 | _aThe art of valuation |
| 260 | _c2010 | ||
| 490 |
_aEstates Gazette _v(1032) 14 August 2010, 52-55(4) |
||
| 520 | _aSecond part of Blundell Lecture examines the legal aspects of damages and dilapidations. Concentrates on two parts of Section 18 of the Landlord and Tenant Act 1927. | ||
| 590 | _aKA | ||
| 651 | 4 |
_aUnited Kingdom _y |
|
| 690 | _aPROPERTY-PROPERTY APPRAISAL AND VALUATION | ||
| 942 | _n0 | ||
| 999 |
_c82652 _d82652 |
||